Economic Freedom – Classification of its Level and Impact on the Economic Security

Korelácia medzi ekonomickou slobodou a ekonomickým rastom vrátane ďalších faktorov. Charakteristiky, počet a dôležitosť sa odlišujú u rôznych autorov. Rôzne metódy hodnotenia ekonomickej slobody a zovšeobecnenie vzťahu medzi indexom ekonomickej slobody a indikátormi ekonomickej nezávislosti a rozvoj...

Descripción completa

Guardado en:
Detalles Bibliográficos
Autor principal: Mura, Ladislav, 1979-
Otros Autores: Daňová, Monika, Vavrek, Roman, Dubravská, Mariana
Formato: Capítulo de libro
Lenguaje:inglés
Materias:
Etiquetas: Agregar Etiqueta
Sin Etiquetas, Sea el primero en etiquetar este registro!

MARC

LEADER 00000nla a2200000 4500
001 0241168
005 20250204111633.8
041 0 |a eng 
044 |a CZ 
245 1 0 |a Economic Freedom – Classification of its Level and Impact on the Economic Security  |c Ladislav Mura, Monika Daňová, Roman Vavrek, Mariana Dubravská 
520 |a Korelácia medzi ekonomickou slobodou a ekonomickým rastom vrátane ďalších faktorov. Charakteristiky, počet a dôležitosť sa odlišujú u rôznych autorov. Rôzne metódy hodnotenia ekonomickej slobody a zovšeobecnenie vzťahu medzi indexom ekonomickej slobody a indikátormi ekonomickej nezávislosti a rozvoja. 
610 2 0 |a sloboda ekonomická 
610 2 0 |a bezpečnosť ekonomická 
610 2 0 |a makroekonomika 
610 2 0 |a indexy 
610 2 0 |a rozvoj hospodársky 
610 2 0 |a nezávislosť hospodárska 
610 2 0 |a rast hospodársky 
100 1 |a Mura, Ladislav, 1979- 
700 1 |a Daňová, Monika 
700 1 |a Vavrek, Roman 
700 1 |a Dubravská, Mariana